Hodnotenie zamestnancov v podniku diplomová práca

Saved in:
Bibliographic Details
Main Author: Svitanek, Tomáš
Corporate Author: Podnikovohospodárska fakulta EU so sídlom v Košiciach. Katedra manažmentu
Other Authors: Olexová, Cecília, 1976-
Format: Book
Language:Slovak
Published: Košice 2015
Tags: Add Tag
No Tags, Be the first to tag this record!

MARC

LEADER 00000nbm a2200000 4500
001 0202201
005 20161212094420.8
041 0 |a slo 
044 |a SK 
245 1 0 |a Hodnotenie zamestnancov v podniku  |b diplomová práca  |c Tomáš Svitanek ; školiteľ: Cecília Olexová 
264 1 |a Košice  |c 2015 
300 |a 69 s. 
100 1 |a Svitanek, Tomáš 
700 1 |a Olexová, Cecília, 1976- 
710 2 |a Podnikovohospodárska fakulta EU so sídlom v Košiciach. Katedra manažmentu